000 00371nam a22001217a 4500
999 _c3751
_d3751
005 20201217111435.0
008 201217b ||||| |||| 00| 0 eng d
020 _a0521264383
040 _cCML
245 _aThe Cambridge Encyclopedia of Language.
_cCrystal D.
260 _aNew york
_bCambridge University
_c1987
942 _2ddc
_cBK
_e1st Edition
_h403
_mCRY